[Event "Sparkassen-Open A"]
[Site "Heusenstamm, Martinsee"]
[Date "2023.11.25"]
[Round "4.80"]
[White "Kolker, Vladislav"]
[Black "Moldenhauer, Lennart"]
[Result "0-1"]
[WhiteElo "1874"]
[BlackElo "1569"]
[PlyCount "56"]
[EventDate "2023.??.??"]
[WhiteTeam "SC Bad Nauheim"]
[BlackTeam "SV Oberursel"]

1. e4 c5 2. Nf3 d6 3. d4 cxd4 4. Nxd4 Nf6 5. Nc3 g6 6. f3 Nc6 7. Be3 h5 8. Qd2 Nxd4 9. Bxd4 Bh6 10. Be3 Bxe3 11. Qxe3 Be6 12. O-O-O Qa5 13. Kb1 Rc8 14. a3 a6 15. Be2 Kf8 16. h4 Kg7 17. Rdg1 Rc7 18. g4 Rhc8 19. gxh5 Rxc3 20. bxc3 Rxc3 21. Qc1 Rxa3 22. Qb2 Ba2+ 23. Kc1 Bc4 24. Bxc4 Ra1+ 25. Qxa1 Qxa1+ 26. Kd2 Qd4+ 27. Bd3 Nxh5 28. Rf1 Ng3 0-1

[Event "Sparkassen-Open A"]
[Site "Heusenstamm, Martinsee"]
[Date "2023.11.25"]
[Round "4.81"]
[White "Gräf, Jakob Vincent"]
[Black "Francke, Helmut"]
[Result "1-0"]
[WhiteElo "1691"]
[BlackElo "1872"]
[PlyCount "99"]
[EventDate "2023.??.??"]
[WhiteTeam "SV Frankfurt Nord 1926"]
[BlackTeam "SC Bad Nauheim"]

1. e4 c5 2. Nf3 d6 3. d4 cxd4 4. Nxd4 Nf6 5. Nc3 g6 6. Bc4 Bg7 7. O-O O-O 8. Be3 Nc6 9. h3 Bd7 10. Qd2 Rc8 11. Nxc6 Bxc6 12. Bd5 a6 13. f3 b5 14. Ne2 Qd7 15. c3 Qb7 16. Bxc6 Qxc6 17. Rac1 Nd7 18. Rfd1 Nb6 19. b3 Rfd8 20. Bd4 d5 21. e5 e6 22. Rc2 Qb7 23. Nc1 Rc6 24. Nd3 Rdc8 25. Qe3 Bf8 26. Nf2 Nd7 27. Ng4 Qc7 28. Rdc1 Qd8 29. g3 Qe7 30. h4 h5 31. Nf6+ Nxf6 32. exf6 Qc7 33. Kg2 Kh7 34. g4 Bh6 35. g5 Bf8 36. Be5 Qb7 37. Kg3 Ba3 38. Rd1 Bc5 39. Qe1 Bf8 40. Rdc1 Kg8 41. Qd2 Qb6 42. Bd4 Bd6+ 43. f4 Qc7 44. Qe3 Qd7 45. Be5 Bc5 46. Qd3 Ba3 47. Rd1 Bd6 48. Rdc1 Qc7 49. Qd4 Bc5 50. Bxc7 1-0

[Event "Sparkassen-Open A"]
[Site "Heusenstamm, Martinsee"]
[Date "2023.11.25"]
[Round "4.82"]
[White "Lotz, Ralf"]
[Black "Zerhusen, Martin"]
[Result "1/2-1/2"]
[WhiteElo "1872"]
[BlackElo "1673"]
[PlyCount "73"]
[EventDate "2023.??.??"]
[WhiteTeam "SC 1952 Obertshausen"]
[BlackTeam "SV Oberursel"]

1. d4 d5 2. Nf3 c6 3. g3 e6 4. Bg2 f5 5. O-O Nf6 6. c4 Be7 7. Nc3 O-O 8. b3 Ne4 9. Bb2 g5 10. Ne5 Nd7 11. f3 Nxc3 12. Bxc3 Nxe5 13. dxe5 Qb6+ 14. Bd4 Bc5 15. e3 Rd8 16. Bxc5 Qxc5 17. Qd2 Bd7 18. Qd4 Qxd4 19. exd4 Be8 20. c5 Bg6 21. f4 g4 22. Kf2 Kf8 23. Rfc1 Ke7 24. b4 Be8 25. h3 h5 26. hxg4 hxg4 27. Rh1 Bg6 28. Rh6 Kf7 29. Rah1 Kg7 30. a4 Rh8 31. Rxh8 Rxh8 32. Rb1 Be8 33. Kg1 Kf7 34. Bf1 Ke7 35. a5 a6 36. Bd3 Bd7 37. Be2 1/2-1/2

[Event "Sparkassen-Open A"]
[Site "Heusenstamm, Martinsee"]
[Date "2023.11.25"]
[Round "4.83"]
[White "Hinz, André"]
[Black "Rabiya, Karim"]
[Result "1-0"]
[WhiteElo "1690"]
[BlackElo "1737"]
[PlyCount "63"]
[EventDate "2023.??.??"]
[WhiteTeam "SC Brett vorm Kopp Ffm"]
[BlackTeam "SK Niederbrechen 1948"]

1. c4 e5 2. Nc3 Nc6 3. Nf3 f5 4. g3 e4 5. Nh4 Nge7 6. d4 d5 7. Bg5 dxc4 8. e3 Be6 9. Be2 Qd7 10. Qa4 h6 11. Bxe7 Nxe7 12. Bh5+ Kd8 13. Qc2 g5 14. Ng2 Nd5 15. a3 b5 16. Be2 Bd6 17. h4 Ke7 18. O-O-O a5 19. hxg5 hxg5 20. g4 Nxc3 21. Qxc3 b4 22. Qc2 bxa3 23. Bxc4 axb2+ 24. Kxb2 Rab8+ 25. Kc1 Ba3+ 26. Kd2 Bxc4 27. Qxc4 Rb2+ 28. Kc3 Rb4 29. Qc5+ Kf7 30. Rxh8 Rb3+ 31. Kxb3 Bxc5 32. Rh7+ 1-0

[Event "Sparkassen-Open A"]
[Site "Heusenstamm, Martinsee"]
[Date "2023.11.25"]
[Round "4.84"]
[White "Drewes, Thomas"]
[Black "Vranckx, Oscar"]
[Result "0-1"]
[WhiteElo "1631"]
[BlackElo "1643"]
[PlyCount "58"]
[EventDate "2023.??.??"]
[WhiteTeam "SV Würzburg von 1865 e.V."]
[BlackTeam "Sfr.Mainz 1928"]

1. d4 Nf6 2. Nf3 d5 3. c3 c5 4. dxc5 Ne4 5. Be3 e6 6. Nbd2 Nxc5 7. g3 Nc6 8. Bg2 Be7 9. O-O O-O 10. b4 Nd7 11. a3 b5 12. a4 Ba6 13. a5 Nde5 14. Nxe5 Nxe5 15. Nb3 Nc4 16. Bc5 Nb2 17. Qc2 Na4 18. Bxe7 Qxe7 19. Qd2 Rac8 20. Nc5 Rxc5 21. bxc5 Qxc5 22. Qd4 Qxd4 23. cxd4 Nc3 24. Rfe1 b4 25. Bf1 b3 26. e3 Bxf1 27. Kxf1 b2 28. Rab1 Rb8 29. e4 dxe4 0-1

[Event "Sparkassen-Open A"]
[Site "Heusenstamm, Martinsee"]
[Date "2023.11.25"]
[Round "4.85"]
[White "Boscher, Hans"]
[Black "Wilke, Jörg"]
[Result "0-1"]
[WhiteElo "1625"]
[BlackElo "1853"]
[PlyCount "64"]
[EventDate "2023.??.??"]
[WhiteTeam "SC Bad Soden"]
[BlackTeam "SC Matt im Park Ffm"]

1. e4 b6 2. d4 Bb7 3. Bd3 g6 4. Be3 Bg7 5. Nc3 e6 6. Qd2 Ne7 7. Nge2 O-O 8. O-O-O d5 9. e5 Nd7 10. f4 c5 11. Nb5 c4 12. Nd6 Qc7 13. g4 cxd3 14. Qxd3 f5 15. g5 a5 16. Nxb7 Qxb7 17. h4 Nc6 18. c3 Rfc8 19. Kb1 b5 20. h5 Kf7 21. hxg6+ hxg6 22. Rh2 b4 23. Bd2 a4 24. Rdh1 bxc3 25. Bxc3 Na7 26. a3 Qb5 27. Qd2 Nb6 28. Bb4 Nc4 29. Qe1 Nc6 30. Nc3 Qb7 31. Nxd5 Nxd4 32. Qf2 Qxd5 0-1

[Event "Sparkassen-Open A"]
[Site "Heusenstamm, Martinsee"]
[Date "2023.11.25"]
[Round "4.86"]
[White "von Beckh, Frieda"]
[Black "Schmid, Leon"]
[Result "1-0"]
[WhiteElo "1614"]
[BlackElo "1593"]
[PlyCount "63"]
[EventDate "2023.??.??"]
[WhiteTeam "SK Bad Homburg 1927"]
[BlackTeam "Sfr.Heidesheim"]

1. e4 c5 2. Nc3 Nc6 3. f4 g6 4. Nf3 Bg7 5. Bb5 Nd4 6. O-O a6 7. Bd3 b5 8. b3 Bb7 9. Bb2 Qb6 10. Kh1 d6 11. Ne2 e6 12. Nexd4 cxd4 13. e5 dxe5 14. fxe5 Rd8 15. Qe2 Rd7 16. Nxd4 Rxd4 17. Bxd4 Qxd4 18. Bxb5+ Ke7 19. Bxa6 Bxa6 20. Qxa6 Nh6 21. Qb7+ Kf8 22. Rxf7+ Nxf7 23. Rf1 Bf6 24. exf6 Qd8 25. a4 h5 26. a5 Rh7 27. a6 Ne5 28. f7 Rxf7 29. Rxf7+ Nxf7 30. a7 Qxd2 31. a8=Q+ Kg7 32. Qa1+ 1-0

[Event "Sparkassen-Open A"]
[Site "Heusenstamm, Martinsee"]
[Date "2023.11.25"]
[Round "4.87"]
[White "Armbrust, Matthias"]
[Black "Faßler, Felix"]
[Result "0-1"]
[WhiteElo "1838"]
[BlackElo "1606"]
[PlyCount "62"]
[EventDate "2023.??.??"]
[WhiteTeam "Mainz"]
[BlackTeam "SC Fulda"]

1. e4 c6 2. d4 d5 3. e5 c5 4. c3 Nc6 5. Be3 Nh6 6. Bxh6 gxh6 7. Qd2 cxd4 8. cxd4 Rg8 9. Nc3 Bf5 10. h3 h5 11. Nf3 e6 12. Rc1 Be7 13. Qe3 a6 14. Bd3 Bxd3 15. Qxd3 Rg6 16. a3 Kd7 17. b4 b5 18. g3 h4 19. g4 Qb6 20. Ke2 f6 21. Rhd1 Rf8 22. Rc2 fxe5 23. dxe5 Ke8 24. Ke1 Rg7 25. Nxd5 exd5 26. Qxd5 Na7 27. Qd7+ Kf7 28. Rc7 Kg8 29. Rd3 Bxb4+ 30. axb4 Rxd7 31. Rdxd7 Rxf3 0-1

[Event "Sparkassen-Open A"]
[Site "Heusenstamm, Martinsee"]
[Date "2023.11.25"]
[Round "4.89"]
[White "Fröhlich-Dill, Astrid"]
[Black "Papadopoulos, Leon"]
[Result "1-0"]
[WhiteElo "1796"]
[BlackElo "1546"]
[PlyCount "87"]
[EventDate "2023.??.??"]
[WhiteTeam "SV 1920 Hofheim"]
[BlackTeam "SV Oberursel"]

1. d4 Nf6 2. c4 e6 3. Nc3 Bb4 4. Bg5 O-O 5. e3 d5 6. cxd5 exd5 7. Bd3 c5 8. Nge2 Nc6 9. O-O cxd4 10. Bxf6 Qxf6 11. Nxd5 Qg5 12. Nxb4 Nxb4 13. Nxd4 Nxd3 14. Qxd3 Re8 15. f4 Qd5 16. Rfe1 Re4 17. Qb5 Qd6 18. Rad1 a6 19. Nf3 Qf6 20. Qd5 Re8 21. Qd4 Qe7 22. h3 Be6 23. a3 Rad8 24. Qc3 Rc8 25. Qd2 Bb3 26. Rc1 Rcd8 27. Qc3 Bd5 28. Nd2 Qe6 29. e4 Rc8 30. Qd3 Bc6 31. e5 Rcd8 32. Qe3 Qd5 33. Nf3 Qd7 34. Rc2 Qc7 35. Nd4 Re7 36. Nxc6 bxc6 37. Rec1 Re6 38. Rc5 Qb6 39. b4 Rd5 40. Kh2 f6 41. Qb3 Kf7 42. Rxc6 Rxc6 43. Qxd5+ Re6 44. f5 1-0

[Event "Sparkassen-Open A"]
[Site "Heusenstamm, Martinsee"]
[Date "2023.11.25"]
[Round "4.90"]
[White "Rödel, Jannis"]
[Black "Zargaran, Sepas"]
[Result "1-0"]
[WhiteElo "1773"]
[BlackElo "1558"]
[PlyCount "69"]
[EventDate "2023.??.??"]
[WhiteTeam "SVG CAISSA Kassel"]
[BlackTeam "VSG 1880 Offenbach"]

1. c4 Nf6 2. g3 g6 3. Bg2 Bg7 4. Nc3 O-O 5. e4 d6 6. Nge2 e5 7. O-O b6 8. d3 Nbd7 9. b4 a5 10. bxa5 Rxa5 11. Nd5 Nxd5 12. cxd5 Nc5 13. d4 exd4 14. Nxd4 Bd7 15. f3 Ra4 16. Be3 Ra3 17. Qd2 Rd3 18. Qf2 Ba4 19. Rfc1 f5 20. Bf1 Ra3 21. Rxc5 Bxd4 22. Bxd4 bxc5 23. Bb2 fxe4 24. Bxa3 Rxf3 25. Qb2 Qg5 26. Qc1 Qxd5 27. Bc4 c6 28. Bxd5+ cxd5 29. Bxc5 dxc5 30. Qxc5 Rd3 31. Rf1 Rf3 32. Rxf3 exf3 33. Qxd5+ Kg7 34. Qd4+ Kf7 35. Qxa4 1-0

[Event "Sparkassen-Open A"]
[Site "Heusenstamm, Martinsee"]
[Date "2023.11.25"]
[Round "4.91"]
[White "Köhlich, Viktor"]
[Black "Van Den Hoff, Damian"]
[Result "1-0"]
[WhiteElo "1608"]
[BlackElo "1825"]
[PlyCount "93"]
[EventDate "2023.??.??"]
[WhiteTeam "SC Matt im Park Ffm"]
[BlackTeam "Rotterdam"]

1. d4 d5 2. Nf3 e6 3. Bf4 Nf6 4. c3 Bd6 5. e3 O-O 6. Ne5 Nbd7 7. Nd2 a6 8. Bd3 g6 9. h4 Nh5 10. Bh6 Ng7 11. f4 Bxe5 12. dxe5 f6 13. h5 Nc5 14. Bc2 f5 15. hxg6 hxg6 16. Qf3 Kf7 17. Bg5 Qe8 18. O-O-O Rh8 19. b4 Nd7 20. g4 c6 21. Rxh8 Qxh8 22. Rh1 Qg8 23. gxf5 exf5 24. Qh3 a5 25. b5 Ne6 26. Qh7+ Qxh7 27. Rxh7+ Kg8 28. Rh6 Kg7 29. Bxf5 Nxg5 30. Rxg6+ Kf7 31. Rxg5 Nc5 32. Bxc8 Rxc8 33. bxc6 Rxc6 34. Kc2 b5 35. Rh5 b4 36. cxb4 Ne4+ 37. Kd1 Nc3+ 38. Ke1 axb4 39. f5 Nxa2 40. Nf3 Rc3 41. e6+ Kf6 42. Nd4 Rxe3+ 43. Kd2 b3 44. Rh6+ Kg7 45. Rg6+ Kf8 46. Kxe3 b2 47. e7+ 1-0

[Event "Sparkassen-Open A"]
[Site "Heusenstamm, Martinsee"]
[Date "2023.11.25"]
[Round "4.92"]
[White "Stehning, Ralf"]
[Black "Rotermund, Verena"]
[Result "1-0"]
[WhiteElo "1824"]
[BlackElo "1581"]
[PlyCount "44"]
[EventDate "2023.??.??"]
[WhiteTeam "SF Braunfels"]
[BlackTeam "Vorw.Orient Mainz"]

1. e4 e6 2. d4 d5 3. e5 c5 4. c3 Nc6 5. Nf3 Bd7 6. Bd3 Qb6 7. dxc5 Bxc5 8. O-O a5 9. a4 f6 10. Qe2 Nxe5 11. Nxe5 fxe5 12. Qh5+ Kd8 13. Qxe5 Nf6 14. Na3 Bd6 15. Qg5 Kc7 16. Nb5+ Bxb5 17. Bxb5 Rhg8 18. Be3 Bc5 19. Qg3+ Kd8 20. Bg5 Be7 21. Rad1 Qc7 22. Bf4 Bd6 1-0

[Event "Sparkassen-Open A"]
[Site "Heusenstamm, Martinsee"]
[Date "2023.11.25"]
[Round "4.93"]
[White "Lee, Kwan Ho Matthew"]
[Black "Peter, Laurenz"]
[Result "0-1"]
[WhiteElo "1587"]
[BlackElo "1810"]
[PlyCount "80"]
[EventDate "2023.??.??"]
[WhiteTeam "SV Oberursel"]
[BlackTeam "Sportgemeinschaft Kaarst 1912/35"]

1. Nf3 Nf6 2. g3 b6 3. Bg2 Bb7 4. d3 d5 5. O-O e6 6. Nbd2 c5 7. c4 g6 8. b3 Bg7 9. Bb2 d4 10. Qc2 O-O 11. Rfd1 Nfd7 12. Ne4 Qe7 13. h4 h6 14. Ned2 f5 15. e4 dxe3 16. fxe3 e5 17. Nf1 Nc6 18. a3 Rad8 19. N3h2 Nf6 20. Qe2 e4 21. dxe4 fxe4 22. Rxd8 Rxd8 23. Rd1 Rxd1 24. Qxd1 Ne5 25. Nd2 Nd3 26. Bxf6 Qxf6 27. Qf1 Qe5 28. Ng4 Qxg3 29. Nf6+ Kh8 30. Nfxe4 Qxe3+ 31. Kh1 Nf4 32. Qf2 Qxf2 33. Nxf2 Bxg2+ 34. Kh2 Bb7 35. Kg3 Ne2+ 36. Kg4 h5+ 37. Kg5 Kh7 38. Nfe4 Bf8 39. Nf6+ Kg7 40. Nd5 Bxd5 0-1

[Event "Sparkassen-Open A"]
[Site "Heusenstamm, Martinsee"]
[Date "2023.11.25"]
[Round "4.94"]
[White "Senatov, Boris"]
[Black "Fleischmann, Theo"]
[Result "1-0"]
[WhiteElo "1822"]
[BlackElo "1578"]
[PlyCount "83"]
[EventDate "2023.??.??"]
[WhiteTeam "SC Heusenstamm"]
[BlackTeam "SVG CAISSA Kassel"]

1. e4 c5 2. Nf3 d6 3. d4 cxd4 4. Nxd4 Nf6 5. Nc3 Nc6 6. g3 g6 7. Bg2 Bg7 8. Nde2 a6 9. a4 Qc7 10. O-O O-O 11. Nd5 Nxd5 12. exd5 Ne5 13. h3 b6 14. Nd4 Bb7 15. c3 Rac8 16. Re1 Rfe8 17. f4 Nd7 18. Be3 Qc4 19. Ne2 Nc5 20. Ra3 a5 21. b3 Qa6 22. Nd4 Nd3 23. Bf1 Rxc3 24. Nb5 Nxe1 25. Nxc3 Qxf1+ 26. Kxf1 Bxc3 27. Bf2 Ba6+ 28. Kg1 Bb4 29. Ra2 Nd3 30. Bxb6 Rc8 31. Rc2 Nc5 32. Kh2 Rb8 33. Ba7 Rb7 34. Bxc5 Bxc5 35. Rxc5 dxc5 36. d6 Rd7 37. dxe7 Rxd1 38. e8=Q+ Kg7 39. Qe5+ Kg8 40. Qxc5 Bb7 41. g4 Rh1+ 42. Kg3 1-0

[Event "Sparkassen-Open A"]
[Site "Heusenstamm, Martinsee"]
[Date "2023.11.25"]
[Round "4.95"]
[White "Sasikumar Anitha, Sarvesh"]
[Black "Auge, Hendrik"]
[Result "0-1"]
[WhiteElo "1466"]
[BlackElo "1820"]
[PlyCount "130"]
[EventDate "2023.??.??"]
[WhiteTeam "SK 1858 Gießen"]
[BlackTeam "FC Bayern München e.V."]

1. e4 c6 2. d4 d5 3. e5 c5 4. c3 Nc6 5. Nf3 cxd4 6. cxd4 Bg4 7. Bb5 e6 8. O-O Nge7 9. Bg5 Qb6 10. Nc3 Nf5 11. Be3 Be7 12. h3 Bxf3 13. Qxf3 O-O 14. a4 Ncxd4 15. Bxd4 Nxd4 16. Qg4 Nxb5 17. Nxb5 a6 18. Nd4 Bc5 19. Nf3 Rac8 20. Rab1 Be7 21. b3 Rc3 22. b4 Rc4 23. Qg3 Rxb4 24. Rxb4 Qxb4 25. Qg4 Qxg4 26. hxg4 Rc8 27. Rb1 Rc7 28. Kf1 Kf8 29. Ke2 Ke8 30. Nd2 Kd8 31. f4 Kc8 32. Kd3 Rc5 33. Ra1 h6 34. g3 f6 35. Nb3 Rc4 36. Nd2 Rc7 37. Nb3 Bb4 38. Rc1 Rxc1 39. Nxc1 fxe5 40. fxe5 Be1 41. Ne2 Bf2 42. Kc3 a5 43. Kd3 Kd7 44. Kc3 Kc6 45. Kd3 b5 46. axb5+ Kxb5 47. Kc3 a4 48. Kb2 Kb4 49. Kb1 d4 50. Nc1 Bxg3 51. Kc2 g6 52. Nd3+ Kb5 53. Kb2 h5 54. gxh5 gxh5 55. Kc2 h4 56. Kb2 h3 57. Kc2 h2 58. Kb2 h1=Q 59. Kc2 Qe4 60. Kd2 Qe3+ 61. Kc2 Qe2+ 62. Kc1 Qxd3 63. Kb2 Qc3+ 64. Ka2 a3 65. Kb1 Qb2# 0-1

[Event "Sparkassen-Open A"]
[Site "Heusenstamm, Martinsee"]
[Date "2023.11.25"]
[Round "4.96"]
[White "Meyer-Jany, Marcel"]
[Black "Rotärmel, Leonie"]
[Result "1-0"]
[WhiteElo "1778"]
[BlackElo "1472"]
[PlyCount "131"]
[EventDate "2023.??.??"]
[WhiteTeam "SK Herborn 1946"]
[BlackTeam "SK Bad Homburg 1927"]

1. d4 d5 2. c4 dxc4 3. e3 Nf6 4. Bxc4 a6 5. Be2 e6 6. Nf3 c5 7. O-O Nbd7 8. b3 Be7 9. Bb2 O-O 10. Nbd2 b6 11. Rc1 Bb7 12. Rc2 Nd5 13. a3 cxd4 14. Nxd4 Rc8 15. Qc1 Rxc2 16. Qxc2 Qc8 17. Rc1 Qxc2 18. Rxc2 Bf6 19. b4 b5 20. N2b3 Rc8 21. Rxc8+ Bxc8 22. Bf3 N7b6 23. e4 Ne7 24. Be2 Na4 25. Bc1 Bb7 26. Bd3 Nc6 27. Nxc6 Bxc6 28. f3 Kf8 29. Kf2 Bc3 30. Ke3 e5 31. g3 Ke7 32. Be2 g6 33. Kd3 Bb7 34. Bd1 Bb2 35. Kc2 Bxc1 36. Nxc1 Nb6 37. Be2 Kd6 38. Nb3 Nd7 39. Kd3 f6 40. Ke3 Ba8 41. h4 h6 42. Bf1 Bb7 43. Bh3 Bc8 44. Bf1 Bb7 45. Bd3 Bc8 46. Bc2 Nb6 47. Na5 Ke7 48. Bd3 Kd6 49. Nb3 Nd7 50. f4 exf4+ 51. gxf4 Nf8 52. Be2 g5 53. hxg5 hxg5 54. fxg5 fxg5 55. Nc5 Nd7 56. Bg4 Kc7 57. Ne6+ Kb8 58. Nxg5 Ne5 59. Bxc8 Nc4+ 60. Kd4 Kxc8 61. a4 Nd6 62. a5 Kb7 63. Ne6 Ne8 64. Nc5+ Ka7 65. e5 Nc7 66. e6 1-0

[Event "Sparkassen-Open A"]
[Site "Heusenstamm, Martinsee"]
[Date "2023.11.25"]
[Round "4.97"]
[White "Arne, Jonas"]
[Black "Peschel, Julia"]
[Result "1-0"]
[WhiteElo "1432"]
[BlackElo "1591"]
[PlyCount "105"]
[EventDate "2023.??.??"]
[WhiteTeam "SG Kaiserslautern 1905"]
[BlackTeam "Biebertaler SF"]

1. d4 d5 2. Nf3 Nf6 3. Bf4 e6 4. e3 Be7 5. Ne5 Nbd7 6. Nd2 c5 7. c3 O-O 8. Bd3 c4 9. Bb1 Nxe5 10. dxe5 Nd7 11. Qh5 f5 12. g4 g6 13. Qh6 Qc7 14. Nf3 Nc5 15. h4 Re8 16. gxf5 exf5 17. h5 Bf8 18. Qg5 Be7 19. Qg2 Qb6 20. hxg6 hxg6 21. Qh3 Kf7 22. Qh7+ Ke6 23. Qxg6+ Kd7 24. Bxf5+ Kd8 25. O-O-O Bxf5 26. Qxf5 Nd3+ 27. Rxd3 cxd3 28. Qxd3 Qa5 29. Rd1 Qxa2 30. Qxd5+ Qxd5 31. Rxd5+ Kc7 32. Nd4 a6 33. Nf5 Bf8 34. Nd6 Re6 35. Kd2 Kc6 36. e4 Rd8 37. Kd3 Be7 38. Bg3 Rh8 39. Nf5 Kb6 40. Nxe7 Rxe7 41. Rd6+ Kc7 42. e6 Kc8 43. Kd4 Rh6 44. Kd5 Rh5+ 45. Be5 Rh6 46. b4 Rh1 47. f4 Rd1+ 48. Bd4 Kc7 49. f5 Rh7 50. f6 Rh6 51. e7 Rh8 52. f7 Rh5+ 53. e5 1-0

[Event "Sparkassen-Open A"]
[Site "Heusenstamm, Martinsee"]
[Date "2023.11.25"]
[Round "4.98"]
[White "Woestmann, Ulrich"]
[Black "Klein, Deniz"]
[Result "1/2-1/2"]
[WhiteElo "1937"]
[BlackElo "1565"]
[PlyCount "58"]
[EventDate "2023.??.??"]
[WhiteTeam "SV Ahlen 1954 e. V."]
[BlackTeam "SG Kaiserslautern 1905"]

1. e4 c5 2. Nc3 Nc6 3. g3 d6 4. Bg2 g6 5. f4 Bg7 6. d3 e6 7. Nf3 Nge7 8. O-O O-O 9. h3 f5 10. Kh2 Rb8 11. Ne2 b5 12. Be3 a5 13. c3 b4 14. Rb1 Ba6 15. Re1 fxe4 16. dxe4 Bc4 17. cxb4 Nxb4 18. Nc1 Bxa2 19. Nxa2 Nxa2 20. Re2 Qb6 21. Ra1 Nb4 22. Rd2 d5 23. exd5 exd5 24. Re2 Nf5 25. Bf2 d4 26. Ne5 Qc7 27. Qa4 Rfe8 28. Rae1 Bxe5 29. Rxe5 Rf8 1/2-1/2

[Event "Sparkassen-Open A"]
[Site "Heusenstamm, Martinsee"]
[Date "2023.11.25"]
[Round "4.99"]
[White "Billerbeck, Nick"]
[Black "Wahlund, Max"]
[Result "1/2-1/2"]
[WhiteElo "1659"]
[BlackElo "2079"]
[PlyCount "129"]
[EventDate "2023.??.??"]
[WhiteTeam "SV Unterkochen"]
[BlackTeam "Europchess Brussels"]

1. e4 c5 2. Nc3 Nc6 3. f4 g6 4. Nf3 Bg7 5. Bb5 Nd4 6. O-O Nxb5 7. Nxb5 a6 8. Nc3 b5 9. d3 Bb7 10. Qe1 Nf6 11. Qh4 Qb6 12. Be3 d5 13. exd5 Nxd5 14. Nxd5 Bxd5 15. Qf2 Bxb2 16. Rab1 Bf6 17. Bxc5 Qc7 18. Ne5 O-O 19. Ng4 Bg7 20. Rbe1 Be6 21. h3 Rfc8 22. d4 Qa5 23. Ne5 Qxa2 24. Re2 Bc4 25. Nxc4 Qxc4 26. Kh1 e6 27. Rfe1 a5 28. Qe3 b4 29. Qb3 Qxb3 30. cxb3 Bf8 31. Rc1 a4 32. bxa4 Rxa4 33. Rb2 Bxc5 34. dxc5 Ra5 35. Rxb4 Raxc5 36. Rxc5 Rxc5 37. Kh2 Kg7 38. g4 Kf6 39. Kg3 g5 40. fxg5+ Kxg5 41. h4+ Kf6 42. Rf4+ Kg6 43. Ra4 Rc3+ 44. Kf4 h6 45. h5+ Kf6 46. Ra5 Rc4+ 47. Kf3 e5 48. Ra8 Kg5 49. Rg8+ Kh4 50. Rg7 Rf4+ 51. Ke3 Rxg4 52. Rxf7 Kxh5 53. Rf5+ Rg5 54. Rf6 Rg6 55. Rf5+ Kg4 56. Rxe5 Rg5 57. Re6 h5 58. Kf2 Kh3 59. Re3+ Kh2 60. Re4 Rg4 61. Re8 h4 62. Rf8 h3 63. Rf3 Ra4 64. Kf1 Ra2 65. Rf2+ 1/2-1/2

[Event "Sparkassen-Open A"]
[Site "Heusenstamm, Martinsee"]
[Date "2023.11.25"]
[Round "4.100"]
[White "Olson, Philip Christoph"]
[Black "Büse, Ralf"]
[Result "1/2-1/2"]
[WhiteElo "1576"]
[BlackElo "1898"]
[PlyCount "54"]
[EventDate "2023.??.??"]
[WhiteTeam "SC Bad Nauheim"]
[BlackTeam "SC Ladja Roßdorf"]

1. d4 e6 2. Bf4 f5 3. e3 Nf6 4. Be2 b6 5. Bf3 d5 6. Ne2 Bd6 7. c4 O-O 8. Nbc3 c6 9. h4 Ba6 10. cxd5 exd5 11. Qb3 Bc4 12. Qc2 Bxe2 13. Nxe2 Ne4 14. g3 Qe7 15. O-O Qe6 16. Bxd6 Qxd6 17. Rac1 g6 18. a3 Nf6 19. Nf4 Rc8 20. Qa4 Nbd7 21. Rc2 b5 22. Qb3 Nb6 23. Rfc1 a5 24. Nd3 a4 25. Qc3 Nc4 26. Ne5 Ne4 27. Bxe4 fxe4 1/2-1/2

[Event "Sparkassen-Open A"]
[Site "Heusenstamm, Martinsee"]
[Date "2023.11.25"]
[Round "4.101"]
[White "Stehning, Toni"]
[Black "Jansen, Malte"]
[Result "0-1"]
[WhiteElo "1666"]
[BlackElo "1685"]
[PlyCount "57"]
[EventDate "2023.??.??"]
[WhiteTeam "SF Braunfels"]
[BlackTeam "SJ Herborn 1998"]

1. e4 e5 2. Bc4 Nf6 3. d4 exd4 4. Nf3 Bc5 5. O-O O-O 6. e5 d5 7. exf6 dxc4 8. fxg7 Re8 9. Ng5 Qf6 10. Nxh7 Qxg7 11. Qh5 Re5 12. Ng5 Nd7 13. f4 Nf6 14. Qxf7+ Qxf7 15. Nxf7 Re2 16. Ne5 Ne4 17. b4 cxb3 18. Nd3 bxc2 19. Nd2 Nxd2 20. Bxd2 Rxd2 21. Nxc5 Bg4 22. Nb3 Rd1 23. Nc1 d3 24. h3 Be2 25. Nxe2 dxe2 26. Re1 Rxa1 27. Rxa1 Rd8 28. Kf2 Rd1 29. Rxd1 0-1

[Event "Sparkassen-Open A"]
[Site "Heusenstamm, Martinsee"]
[Date "2023.11.25"]
[Round "4.102"]
[White "Gärtner, Johannes"]
[Black "Held, Bernhard"]
[Result "1/2-1/2"]
[WhiteElo "1582"]
[BlackElo "1847"]
[PlyCount "71"]
[EventDate "2023.??.??"]
[WhiteTeam "Sfr.Mainz 1928"]
[BlackTeam "SK 1908 Göggingen"]

1. d4 Nf6 2. c4 e6 3. Nc3 Bb4 4. Qc2 O-O 5. a3 Bxc3+ 6. Qxc3 d5 7. Bg5 h6 8. Bh4 Nbd7 9. cxd5 exd5 10. e3 c6 11. Bd3 Ne4 12. Bxd8 Nxc3 13. Bh4 Ne4 14. f3 Nef6 15. Ne2 Re8 16. Kd2 Kh8 17. Bf2 c5 18. Bc2 cxd4 19. Nxd4 Ne5 20. b3 Bd7 21. Nf5 Bc6 22. Nd6 Red8 23. Bg3 Rxd6 24. Bxe5 Re6 25. Bd4 Ne8 26. Rac1 Nd6 27. Bd3 Kg8 28. Rc2 Bb5 29. Rc5 Bc6 30. Rhc1 Kf8 31. b4 a6 32. R5c2 Kg8 33. Bc5 Rc8 34. Bxd6 Rxd6 35. a4 Rcd8 36. b5 1/2-1/2

[Event "Sparkassen-Open A"]
[Site "Heusenstamm, Martinsee"]
[Date "2023.11.25"]
[Round "4.103"]
[White "Kanno, Clara Yumi"]
[Black "Motzer, Marc"]
[Result "0-1"]
[WhiteElo "1388"]
[BlackElo "1725"]
[PlyCount "96"]
[EventDate "2023.??.??"]
[WhiteTeam "SF Essen-Werden 1924/"]
[BlackTeam "SC Bad Dürkheim-Wachenheim"]

1. d4 Nf6 2. Bf4 g6 3. e3 Bg7 4. c3 O-O 5. Nf3 d6 6. Be2 Nbd7 7. h3 b6 8. Nbd2 Bb7 9. O-O Ne4 10. Nxe4 Bxe4 11. Nd2 Bb7 12. Bf3 Qc8 13. Re1 e5 14. Bh2 f5 15. Bxb7 Qxb7 16. Nf3 e4 17. Qb3+ d5 18. Nd2 c5 19. Rec1 c4 20. Qc2 b5 21. b3 Rf6 22. bxc4 bxc4 23. Rcb1 Rb6 24. Rxb6 axb6 25. a4 Qc6 26. Nf1 Bf6 27. Bg3 Be7 28. Nh2 b5 29. a5 Nb6 30. f3 Na4 31. fxe4 dxe4 32. Be5 Bd6 33. Bxd6 Qxd6 34. g4 Qg3+ 35. Qg2 Qxe3+ 36. Kh1 f4 37. Rf1 Nxc3 38. g5 Qg3 39. Qd2 Rxa5 40. Qxf4 Qxf4 41. Rxf4 Ne2 42. Rf6 c3 43. Ng4 Ng3+ 44. Kg2 Nf5 45. Rc6 Ra2+ 46. Kg1 c2 47. d5 Ra1+ 48. Kg2 c1=Q 0-1

[Event "Sparkassen-Open A"]
[Site "Heusenstamm, Martinsee"]
[Date "2023.11.25"]
[Round "4.104"]
[White "Diehl, Stefan"]
[Black "Vinogradov, Ilia"]
[Result "1-0"]
[WhiteElo "1789"]
[BlackElo "1609"]
[PlyCount "101"]
[EventDate "2023.??.??"]
[WhiteTeam "SC 1910 Höchst"]
[BlackTeam "SV 1947 Walldorf"]

1. f4 d5 2. Nf3 Nf6 3. e3 g6 4. d4 Bg7 5. Bd3 O-O 6. O-O b6 7. Qe2 c5 8. c3 Ne4 9. Nbd2 Bf5 10. Bxe4 Bxe4 11. Nxe4 dxe4 12. Ng5 e5 13. dxc5 exf4 14. exf4 Re8 15. Qc4 Qe7 16. cxb6 axb6 17. Re1 Qd7 18. Rxe4 Qd1+ 19. Kf2 Qd7 20. Rxe8+ Qxe8 21. Be3 h6 22. Qe4 Nd7 23. Qxe8+ Rxe8 24. Nf3 b5 25. Bd4 Bxd4+ 26. Nxd4 Rb8 27. Ke3 Nb6 28. Kd3 Nd5 29. g3 Rb6 30. Re1 Kf8 31. Re5 Nc7 32. Rc5 Rb7 33. b3 Ke7 34. a3 Kd6 35. Re5 f6 36. Re2 Ra7 37. Re6+ Nxe6 38. Nxb5+ Kc5 39. Nxa7 Nd8 40. b4+ Kd6 41. c4 Kc7 42. a4 Kb6 43. Nc8+ Kb7 44. Ne7 g5 45. f5 Nf7 46. c5 h5 47. b5 Ne5+ 48. Ke4 h4 49. c6+ Kc7 50. Nd5+ Kc8 51. Nxf6 1-0

[Event "Sparkassen-Open A"]
[Site "Heusenstamm, Martinsee"]
[Date "2023.11.25"]
[Round "4.105"]
[White "Richter, Johanna"]
[Black "Mehlen, Theodor"]
[Result "1/2-1/2"]
[WhiteElo "1529"]
[BlackElo "1808"]
[PlyCount "93"]
[EventDate "2023.??.??"]
[WhiteTeam "Sfr.Heidesheim"]
[BlackTeam "SC Matt im Park Ffm"]

1. d4 d5 2. c4 e6 3. Nf3 Nf6 4. g3 Bb4+ 5. Bd2 Be7 6. Bg2 O-O 7. O-O c6 8. Qc2 Nbd7 9. cxd5 exd5 10. b4 Nb6 11. Qb3 Nc4 12. a4 Ne4 13. Ra2 Rb8 14. Bf4 Bd6 15. Bxd6 Nexd6 16. e3 Be6 17. Nbd2 Qd7 18. Rc1 a6 19. Qd1 b5 20. a5 Bg4 21. Qf1 Qf5 22. h3 Bxf3 23. Nxf3 Rbc8 24. Qd1 Rfe8 25. Qc2 Ne4 26. Qd1 Re6 27. Nh4 Qg5 28. Qg4 Qxg4 29. hxg4 Rce8 30. Rac2 Rf6 31. Bh1 Ree6 32. Bg2 g6 33. Bh1 h6 34. Bg2 Kf8 35. Bh1 Ke7 36. Bg2 Kd7 37. Bh1 Ncd2 38. Rd1 Nc4 39. Rdc1 Ned6 40. Re1 g5 41. Nf3 Ne4 42. Rec1 Ke7 43. Bg2 Rg6 44. Bh3 Ned6 45. Nh2 Rgf6 46. Bg2 Ne4 47. Nf3 1/2-1/2